Drugs,society and human behavior (Record no. 3060)

MARC details
000 -LEADER
fixed length control field 00552nam a22001937a 4500
003 - CONTROL NUMBER IDENTIFIER
control field URS
005 - DATE AND TIME OF LATEST TRANSACTION
control field 20220114142352.0
008 - FIXED-LENGTH DATA ELEMENTS--GENERAL INFORMATION
fixed length control field 190625s1996 a|||| |||| 00| 0 eng d
020 ## - INTERNATIONAL STANDARD BOOK NUMBER
International Standard Book Number 0815171161
040 ## - CATALOGING SOURCE
Transcribing agency URS
Language of cataloging eng
Modifying agency rda
050 14 - LIBRARY OF CONGRESS CALL NUMBER
Classification number RM 316
Item number .R2631 1996
100 ## - MAIN ENTRY--PERSONAL NAME
Personal name Ray,Oakley
245 20 - TITLE STATEMENT
Title Drugs,society and human behavior
Statement of responsibility, etc. Oakley Ray, Charles Ksir
260 ## - PUBLICATION, DISTRIBUTION, ETC.
Place of publication, distribution, etc. Boston,Massacheusetts:
Name of publisher, distributor, etc. McGraw-Hill;
Date of publication, distribution, etc. [1996]
300 ## - PHYSICAL DESCRIPTION
Extent xvii, 462 pages:
Other physical details with Illustration;
Dimensions 23 cm.
504 ## - BIBLIOGRAPHY, ETC. NOTE
Bibliography, etc. note Includes Index
700 ## - ADDED ENTRY--PERSONAL NAME
Personal name Ksir,Charles
942 ## - ADDED ENTRY ELEMENTS (KOHA)
Source of classification or shelving scheme Library of Congress Classification
Koha item type Foreign Books
Holdings
Withdrawn status Source of classification or shelving scheme Damaged status Not for loan Collection code Home library Current library Shelving location Date acquired Total Checkouts Full call number Barcode Date last seen Price effective from Koha item type
  Library of Congress Classification     Non-fiction Cainta College Library Cainta College Library On Display 12/13/2017   RM 316.R2631 1996 URSCAI-124 12/13/2017 12/13/2017 Foreign Books
  Library of Congress Classification     Non-fiction Cainta College Library Cainta College Library On Display 12/13/2017   RM 316.R2631 1996 URSCAI-125 12/13/2017 12/13/2017 Foreign Books
  Library of Congress Classification     Non-fiction Morong College Library Morong College Library   12/02/2021   RM315 .R37 1996 URSMOR-CL-18526 03/05/2015 03/05/2015 Foreign Books
  Library of Congress Classification     Non-fiction Morong College Library Morong College Library   12/02/2021   RM315 .R37 1996 URSMOR-CL-18527 03/05/2015 03/05/2015 Foreign Books

University of Rizal System
Email us at univlibservices@urs.edu.ph

Visit our Website www.urs.edu.ph/library